000 00916nam1a2200289 4500
001 RU\NLR\BIBL_A\022439313
005 20250807185200.0
035 _a(NLR Aleph) 022439313
090 _a80207
_c80207
100 _a20250807 rusy50
101 0 _akaz
102 _aKZ
105 _ay z 000ay
181 0 _ai
_baxxe
182 0 _an
200 1 _aМеніӊ мектептерім
203 _aТекст
_bвизуальный
_cнепосредственный
210 _aАлма-Ата
_cҚазақыстан ЛКЖС
_d1941-
215 _d21
300 _aТекст на латин. графике
541 1 _aМои школы
_zrus
700 1 _aМуканов
_f1900-1973
_gСабит Муканович
_4070
852 _aNLR
_bОНЛ
_jКазах./3-963
942 _cBOOK
945 _aРоссийская национальная библиотека
980 _aBV